Top 25 Nickolodeon Shows - Statistics

General Stats
  • This quiz has been taken 665 times
  • The average score is 7 of 25
Answer Stats
Hint Answer % Correct
2007-2012 ICarly
81%
1998- SpongeBob Squarepants
79%
2008-2012 Victorious
72%
2014-2020 Henry Danger
56%
2012-2014 Sam And Cat
56%
2003-2006 Drake And Josh
54%
2013-2018 The Thundermans
44%
2005-2008 Zoey 101
41%
2002-2008 The Fairly Oddparents
39%
2016- The Loud House
37%
2015-2019 Game Shakers
27%
1997- All That
24%
2020- Danger Force
17%
2014- Paw Patrol
16%
1999-2003 Kenan And Kel
14%
2015-2018 Bella And The Bulldogs
11%
2011-2014 The Haunted Hathaways
10%
2009- Bubble Guppies
9%
1994- Rocko's Modern Life
6%
2019- The Casagrandes
5%
2017-2019 Knight Squad
3%
2016-2018 The Adventures of Kid Danger
2%
2020- Tyler Perry's Young Dylan
2%
2016-2019 Paradise Run
1%
2016-2019 The Dude Perfect Show
0%
No matching quizzes found
Score Distribution
Percent of People with Each Score
Percentile by Number Answered
Your Score History
You have not taken this quiz